[Event "Team men PL chess 2021"]
[Site "?"]
[Date "2021.05.05"]
[Round "5.12"]
[White "Popov, Ivan"]
[Black "Gaifullin, Artur"]
[Result "1-0"]
[WhiteElo "2630"]
[BlackElo "2450"]
[PlyCount "101"]
[EventDate "2021.??.??"]

1.e4 c6 2.d4 d5 3.e5 Bf5 4.Bd3 Bxd3 5.Qxd3 e6 6.Ne2 Qa5+ 7.c3
Qa6 8.Qd1 c5 9.O-O Nd7 10.Nd2 Ne7 11.Nf3 Nc6 12.h4 h6 13.h5 Rc8
14.Ne1 Be7 15.f4 f5 16.Be3 cxd4 17.cxd4 O-O 18.Nd3 Nb6 19.b3
Nb4 20.Nc5 Bxc5 21.dxc5 Nd7 22.a3 Nd3 23.b4 Nb2 24.Qd2 Nc4 25.Qd3
b6 26.c6 Rxc6 27.Nd4 Qa4 28.Nxc6 Qxc6 29.Bd4 Nb8 30.a4 Qe8 31.Qe2
Qe7 32.Bc3 Nc6 33.Rab1 Qh4 34.b5 Ne7 35.Bb4 a5 36.bxa6 Ra8 37.a5
bxa5 38.Be1 Qg4 39.Qxg4 fxg4 40.Rb7 Nc6 41.f5 Ne3 42.f6 Nxf1
43.Rxg7+ Kh8 44.Kxf1 d4 45.Rc7 Nxe5 46.Bg3 Nd3 47.Ke2 Nb4 48.Be5
d3+ 49.Kd2 Rf8 50.f7+ Kh7 51.a7 1-0

[Event "Team men PL chess 2021"]
[Site "?"]
[Date "2021.05.05"]
[Round "5.13"]
[White "Chigaev, Maksim"]
[Black "Shubin, Kirill"]
[Result "1/2-1/2"]
[WhiteElo "2631"]
[BlackElo "2481"]
[PlyCount "89"]
[EventDate "2021.??.??"]

1.e4 e6 2.d4 d5 3.Nc3 Bb4 4.e5 c5 5.a3 Bxc3+ 6.bxc3 Qa5 7.Bd2
Qa4 8.Qg4 Kf8 9.Bd3 c4 10.Be2 Ne7 11.Bd1 Nbc6 12.Ne2 Rg8 13.Qh5
h6 14.O-O Bd7 15.f4 Ke8 16.g4 Kd8 17.Qxf7 Kc7 18.Qh5 Raf8 19.Ng3
Qa5 20.Ne2 Be8 21.Qh4 Kc8 22.h3 Qb6 23.Qe1 Qb2 24.Rc1 Qxa3 25.Ng3
g6 26.Kh2 h5 27.Be2 hxg4 28.hxg4 Rh8+ 29.Kg2 Rh7 30.Rh1 Rhf7
31.Ra1 Qb2 32.Qb1 Qxb1 33.Raxb1 Bd7 34.Rh6 Kc7 35.Nh1 b5 36.Nf2
Rb8 37.Nh3 Rb6 38.Ng5 Rg7 39.Kf2 a5 40.Ke3 b4 41.cxb4 axb4 42.Ra1
Nc8 43.Rh8 N8a7 44.Rb1 Kb7 45.Rhh1 1/2-1/2

[Event "Team men PL chess 2021"]
[Site "?"]
[Date "2021.05.05"]
[Round "5.14"]
[White "Lobanov, Sergei"]
[Black "Paravyan, David"]
[Result "1-0"]
[WhiteElo "2515"]
[BlackElo "2647"]
[PlyCount "77"]
[EventDate "2021.??.??"]

1.e4 c5 2.Nf3 Nc6 3.Bb5 e6 4.O-O Nd4 5.Nxd4 cxd4 6.c3 a6 7.Ba4
Bc5 8.cxd4 Bxd4 9.Nc3 b5 10.Bc2 Bb7 11.Ne2 Bb6 12.d4 Nf6 13.f3
d6 14.a4 Nd7 15.axb5 axb5 16.Rxa8 Qxa8 17.Bd3 Bc6 18.Kh1 O-O
19.Bf4 e5 20.Bg5 exd4 21.Be7 Re8 22.Bxd6 Ne5 23.Qd2 Qd8 24.Bxe5
Rxe5 25.Rc1 Qd6 26.f4 Rc5 27.Rd1 Bb7 28.e5 Qd7 29.Ng3 Qg4 30.Be4
Bxe4 31.Nxe4 Rd5 32.h3 Qh4 33.Qc2 d3 34.Qc6 Qd8 35.Ra1 Qd7 36.Qxb6
h6 37.Ra8+ Kh7 38.Nf6+ gxf6 39.Qxf6 1-0

[Event "Team men PL chess 2021"]
[Site "?"]
[Date "2021.05.05"]
[Round "5.15"]
[White "Riazantsev, Alexander"]
[Black "Usmanov, Vasily"]
[Result "1/2-1/2"]
[WhiteElo "2631"]
[BlackElo "2443"]
[PlyCount "188"]
[EventDate "2021.??.??"]

1.d4 Nf6 2.c4 e6 3.Nf3 Be7 4.g3 a6 5.Nc3 d5 6.Bg2 Nbd7 7.b3 b6
8.cxd5 exd5 9.Nh4 Nf8 10.Qc2 Qd7 11.O-O Ng6 12.Nf3 Qf5 13.Qxf5
Bxf5 14.Ne5 Be6 15.Bg5 Bb4 16.Nxg6 hxg6 17.Bxf6 gxf6 18.Nxd5
Bxd5 19.Bxd5 Rd8 20.Bc6+ Ke7 21.e3 Ba3 22.Rad1 Rd6 23.d5 f5 24.h4
Rdd8 25.Kg2 Rh5 26.f4 Kf6 27.Rde1 Kg7 28.e4 fxe4 29.Rxe4 a5 30.Kf3
Bd6 31.Ke2 Rf8 32.Kd3 f6 33.Kc4 g5 34.hxg5 fxg5 35.f5 Bxg3 36.Re7+
Kh8 37.f6 Bd6 38.Re4 Rh4 39.Kd4 Bf4 40.Re6 Rh6 41.f7 Rh2 42.Be8
Kg7 43.Ke4 Rxa2 44.Kf5 Rh2 45.Rg6+ Kh7 46.Re1 Bd2 47.Ree6 Rf2+
48.Ke4 Re2+ 49.Kf5 Rf2+ 50.Ke5 Bf4+ 51.Ke4 Rh2 52.Kf5 Bc1 53.Kf6
Ba3 54.Rg7+ Kh6 55.Rg6+ Kh7 56.Rxg5 Rf2+ 57.Rf5 Bb2+ 58.Kg5 Rg2+
59.Kf4 Kg7 60.Rc6 Rh8 61.Rxc7 Rf2+ 62.Kg4 Rh4+ 63.Kxh4 Rxf5 64.Rd7
Ba3 65.Kg4 Rf6 66.Kg5 Bc1+ 67.Kh5 Ba3 68.Kg5 Bc1+ 69.Kg4 Rf4+
70.Kg3 Rf6 71.Re7 Ba3 72.Re4 Rf5 73.Rg4+ Kh7 74.Rh4+ Kg7 75.Rg4+
Kh7 76.Rd4 Bd6+ 77.Kg2 Kh6 78.Rg4 Rf6 79.Rg8 Kh7 80.Rg5 Kh6 81.Rg4
Bf8 82.Rc4 Kg5 83.Rc6 Rd6 84.Rc8 Kf6 85.Bc6 Kxf7 86.Rc7+ Kf6
87.Rb7 Ke5 88.Rxb6 Rf6 89.Rb8 Bb4 90.Rd8 Kd4 91.Kg3 Kc3 92.Ba4
Rd6 93.Rxd6 Bxd6+ 94.Kg4 Kd4 1/2-1/2

[Event "Team men PL chess 2021"]
[Site "?"]
[Date "2021.05.05"]
[Round "5.16"]
[White "Pershin, Denis"]
[Black "Antipov, Mikhail Al"]
[Result "1-0"]
[WhiteElo "2391"]
[BlackElo "2609"]
[PlyCount "67"]
[EventDate "2021.??.??"]

1.d4 Nf6 2.c4 e6 3.Nc3 Bb4 4.Qc2 O-O 5.e4 d6 6.e5 Bxc3+ 7.Qxc3
Ne4 8.Qc2 f5 9.exf6 Nxf6 10.Nf3 e5 11.dxe5 dxe5 12.Be3 e4 13.Nd2
Nc6 14.h3 Qe7 15.Qc3 Bf5 16.Be2 Nd7 17.O-O Rae8 18.Rfe1 Qh4 19.Nf1
Kh8 20.Rad1 Be6 21.b3 b6 22.Ng3 Nde5 23.Bd4 Bc8 24.Bh5 g6 25.Bxe5+
Rxe5 26.Rxe4 Qf6 27.Rxe5 Nxe5 28.Re1 Re8 29.Ne4 Qg7 30.Bd1 Bf5
31.Qd2 Nxc4 32.bxc4 Rxe4 33.Rxe4 Bxe4 34.Qd8+ 1-0

[Event "Team men PL chess 2021"]
[Site "?"]
[Date "2021.05.05"]
[Round "5.17"]
[White "Yuffa, Daniil"]
[Black "Askerov, Marat"]
[Result "1/2-1/2"]
[WhiteElo "2587"]
[BlackElo "2384"]
[PlyCount "83"]
[EventDate "2021.??.??"]

1.g3 d5 2.Nf3 Bg4 3.Ne5 Bf5 4.c4 Nd7 5.Nxd7 Qxd7 6.Qb3 O-O-O
7.Nc3 d4 8.Bg2 c6 9.Ne4 e5 10.d3 Bh3 11.Bxh3 Qxh3 12.Qa4 a6 13.Qa5
Nf6 14.Bg5 Qe6 15.b4 Be7 16.Bxf6 gxf6 17.b5 axb5 18.cxb5 Qd5
19.Qa8+ Kc7 20.Qa5+ Kb8 21.O-O f5 22.Nd2 Qxb5 23.Qxb5 cxb5 24.a3
Rd5 25.Ra2 Rc8 26.Rb1 Rc3 27.Rab2 Bg5 28.f4 exf4 29.Nf3 Bh6 30.Rxb5
Rxb5 31.Rxb5 fxg3 32.hxg3 Rxa3 33.Rxf5 Be3+ 34.Kg2 Ra2 35.Kf1
Ra1+ 36.Kg2 Ra2 37.Kf1 h6 38.Rxf7 Ra1+ 39.Kg2 Ra2 40.Kf1 Ra1+
41.Kg2 Ra2 42.Kf1 1/2-1/2

[Event "Team men PL chess 2021"]
[Site "?"]
[Date "2021.05.05"]
[Round "5.19"]
[White "Petrov, Nikita"]
[Black "Truskavetsky, Alexandr"]
[Result "1/2-1/2"]
[WhiteElo "2550"]
[BlackElo "2387"]
[PlyCount "86"]
[EventDate "2021.??.??"]

1.e4 c5 2.Nf3 Nc6 3.Bb5 e6 4.Bxc6 bxc6 5.d3 Ne7 6.Nbd2 d6 7.e5
d5 8.b3 h5 9.h4 Nf5 10.Bb2 Be7 11.g3 c4 12.dxc4 Ba6 13.Nd4 Nxd4
14.Bxd4 dxc4 15.Nxc4 Qd5 16.O-O Bxc4 17.bxc4 Qxc4 18.Qd3 Qxd3
19.cxd3 Kd7 20.Rfb1 Kc7 21.Rc1 Rhb8 22.Rc3 a5 23.Rac1 Ra6 24.a4
Rb4 25.Rc4 Rxc4 26.Rxc4 Bb4 27.Be3 Kd7 28.g4 g6 29.gxh5 gxh5
30.Bc5 Bxc5 31.Rxc5 Ra8 32.f3 Kc7 33.Kf2 Kb6 34.Rc4 Rd8 35.Ke3
Rd5 36.Ke4 c5 37.f4 Kc6 38.Ke3 Rd8 39.Ke4 Kb6 40.d4 Rxd4+ 41.Rxd4
cxd4 42.Kxd4 Kc6 43.Kc4 Kb6 1/2-1/2

[Event "Team men PL chess 2021"]
[Site "?"]
[Date "2021.05.05"]
[Round "5.20"]
[White "Musalov, Ruslan"]
[Black "Zakhartsov, Vladimir"]
[Result "0-1"]
[WhiteElo "2359"]
[BlackElo "2496"]
[PlyCount "120"]
[EventDate "2021.??.??"]

1.Nf3 Nf6 2.g3 d5 3.Bg2 g6 4.O-O Bg7 5.c4 c6 6.cxd5 cxd5 7.Qa4+
Nbd7 8.Nc3 O-O 9.d4 Nb6 10.Qb3 Nc4 11.Bf4 e6 12.Rfd1 a6 13.Ne5
b5 14.a4 Nh5 15.Bc1 bxa4 16.Rxa4 Nxe5 17.dxe5 Bxe5 18.e4 Bd7
19.exd5 Bxa4 20.Qxa4 Qe8 21.d6 Qxa4 22.Nxa4 Rab8 23.f4 Bf6 24.Nc5
Rb4 25.Be3 Rd8 26.d7 Rxb2 27.Nb7 Rb8 28.Bd4 R2xb7 29.Bxb7 Bxd4+
30.Rxd4 Rd8 31.Bxa6 Nf6 32.Bb5 Kf8 33.Kg2 Ke7 34.Ra4 Rb8 35.Bc6
Kd6 36.Ra6 Nxd7 37.Bxd7+ Kxd7 38.Ra7+ Ke8 39.Kf3 Rb3+ 40.Ke4
Kf8 41.Ra2 h6 42.Rc2 Kg7 43.Ra2 f5+ 44.Ke5 Re3+ 45.Kd6 Kf6 46.Kd7
Rd3+ 47.Ke8 g5 48.Ra7 gxf4 49.gxf4 Rd4 50.Rf7+ Kg6 51.Ke7 Rxf4
52.Rf6+ Kg5 53.Kxe6 Re4+ 54.Kf7 f4 55.Rg6+ Kf5 56.Rxh6 f3 57.Rf6+
Kg4 58.Rg6+ Kf4 59.h4 Re5 60.Rg1 Rh5 0-1

[Event "Team men PL chess 2021"]
[Site "?"]
[Date "2021.05.05"]
[Round "5.21"]
[White "Makarian, Rudik"]
[Black "Alexeev, Alexey"]
[Result "1-0"]
[WhiteElo "2481"]
[BlackElo "2243"]
[PlyCount "107"]
[EventDate "2021.??.??"]

1.d4 d5 2.c4 c6 3.Nf3 Nf6 4.Nc3 dxc4 5.a4 Bf5 6.Ne5 Nbd7 7.Nxc4
Qc7 8.g3 e5 9.dxe5 Nxe5 10.Bf4 Nfd7 11.Bg2 g5 12.Bxe5 Nxe5 13.Qd4
f6 14.O-O Be6 15.Nxe5 Qxe5 16.Qxe5 fxe5 17.a5 a6 18.Ne4 Be7 19.Rfc1
O-O-O 20.Nc5 Bd5 21.Ra4 Kc7 22.Rb4 Bxc5 23.Rxc5 Rhg8 24.Bxd5
Rxd5 25.Rxd5 cxd5 26.Rb6 g4 27.Re6 e4 28.e3 Rg7 29.Rf6 Rd7 30.Kf1
d4 31.exd4 Rxd4 32.Rf7+ Kc6 33.Rxh7 Rb4 34.Rg7 Rxb2 35.Rxg4 Rb5
36.Rg6+ Kc7 37.h4 Rxa5 38.g4 e3 39.h5 Ra1+ 40.Ke2 a5 41.Rg5 exf2
42.Kxf2 Rh1 43.Kg2 Rh4 44.Kg3 Rh1 45.Rxa5 Kd6 46.Kf4 Ke7 47.Rb5
Kf7 48.Rxb7+ Kg8 49.Kg5 Ra1 50.h6 Ra5+ 51.Kg6 Ra6+ 52.Kh5 Rc6
53.g5 Ra6 54.Rb8+ 1-0

[Event "Team men PL chess 2021"]
[Site "?"]
[Date "2021.05.05"]
[Round "5.22"]
[White "Babakekhyan, Artem"]
[Black "Afanasiev, Nikita"]
[Result "0-1"]
[WhiteElo "2236"]
[BlackElo "2522"]
[PlyCount "78"]
[EventDate "2021.??.??"]

1.Nf3 g6 2.g3 Bg7 3.c4 c5 4.Bg2 Nc6 5.Nc3 d6 6.d3 Bf5 7.O-O Qc8
8.Rb1 Bh3 9.Bxh3 Qxh3 10.Nd5 Qd7 11.a3 e6 12.Ne3 Nge7 13.b4 O-O
14.Bb2 e5 15.Nd5 Nxd5 16.cxd5 Nd4 17.Bxd4 cxd4 18.Qb3 Bh6 19.b5
Rfc8 20.Rfd1 Rc3 21.Qb4 Rac8 22.Rb3 R3c5 23.Kg2 Rxd5 24.Nd2 Bxd2
25.Rxd2 h5 26.h4 Kg7 27.a4 f5 28.Rbb2 Rdc5 29.e3 dxe3 30.fxe3
b6 31.Qb3 Qb7+ 32.Kh2 Rc1 33.Rg2 Qf7 34.Qb4 Qd5 35.e4 Qxd3 36.exf5
Qf1 37.f6+ Kh7 38.Kh3 R8c2 39.Qe4 Qh1+ 0-1

[Event "Team men PL chess 2021"]
[Site "?"]
[Date "2021.05.05"]
[Round "5.23"]
[White "Kukhmazov, Arsen"]
[Black "Pervakov, Sergey"]
[Result "1-0"]
[WhiteElo "2458"]
[BlackElo "2056"]
[PlyCount "51"]
[EventDate "2021.??.??"]

1.d4 d5 2.c4 c6 3.Nf3 Nf6 4.Nc3 dxc4 5.a4 Bf5 6.Ne5 Nbd7 7.Nxc4
Qc7 8.g3 e5 9.dxe5 Nxe5 10.Bf4 Nfd7 11.Qc1 Be6 12.Nxe5 Nxe5 13.Bg2
Qa5 14.O-O Be7 15.Nb5 cxb5 16.Bxe5 Rc8 17.Qe3 O-O 18.Bxb7 Rc5
19.Bd4 Rc4 20.axb5 Qc7 21.Bc6 a5 22.Bb6 Qd6 23.Bxa5 Bf6 24.Rad1
Bd4 25.b3 Qc5 26.Qd3 1-0

[Event "Team men PL chess 2021"]
[Site "?"]
[Date "2021.05.07"]
[Round "6.1"]
[White "Shubin, Kirill"]
[Black "Petrov, Nikita"]
[Result "0-1"]
[WhiteElo "2481"]
[BlackElo "2550"]
[PlyCount "62"]
[EventDate "2021.??.??"]

1.e4 c5 2.Nf3 Nc6 3.Bb5 e6 4.O-O Nge7 5.b3 a6 6.Bxc6 Nxc6 7.Bb2
b5 8.a4 b4 9.d3 Bb7 10.Nbd2 f6 11.Nh4 Qe7 12.Nc4 O-O-O 13.Re1
Kb8 14.f4 Qf7 15.e5 f5 16.Nf3 h6 17.Nd6 Bxd6 18.exd6 Rhg8 19.Ne5
Nxe5 20.fxe5 f4 21.Qd2 g5 22.Rf1 Rdf8 23.c3 g4 24.g3 bxc3 25.Bxc3
Qg6 26.Rad1 fxg3 27.Rf6 gxh2+ 28.Qxh2 g3 29.Qh3 Qg5 30.Re1 Rxf6
31.exf6 Qf4 0-1

[Event "Team men PL chess 2021"]
[Site "?"]
[Date "2021.05.07"]
[Round "6.2"]
[White "Zakhartsov, Vladimir"]
[Black "Lobanov, Sergei"]
[Result "1/2-1/2"]
[WhiteElo "2496"]
[BlackElo "2515"]
[PlyCount "93"]
[EventDate "2021.??.??"]

1.d4 d5 2.c4 dxc4 3.e4 Nf6 4.e5 Nd5 5.Bxc4 Nc6 6.Ne2 Bf5 7.O-O
e6 8.Nbc3 Nb6 9.Bb5 Be7 10.Ng3 Bg6 11.Be3 O-O 12.Bxc6 bxc6 13.Qe2
Nd5 14.Rac1 Nxc3 15.Rxc3 Qd5 16.Rfc1 c5 17.Qc4 Qxc4 18.Rxc4 Bd3
19.Ra4 c4 20.Nf1 Rfb8 21.Nd2 Rxb2 22.Nxc4 Rc2 23.Rxc2 Bxc2 24.Ra6
Be4 25.Na5 Kf8 26.Nc6 Ke8 27.Nxe7 Kxe7 28.Bd2 Kd7 29.f3 Bb7 30.Ra5
a6 31.Bb4 Bc6 32.a3 Bb5 33.Kf2 Rb8 34.g4 h5 35.Kg3 Rh8 36.h4
Rh7 37.Be1 Rh8 38.Kf4 Rh7 39.a4 Bc4 40.Rc5 Bd5 41.Rc1 Bc6 42.a5
Rh8 43.Rb1 Bd5 44.Rb2 Ke7 45.Bb4+ Kd7 46.Be1 Ke7 47.Bb4+ 1/2-1/2

[Event "Team men PL chess 2021"]
[Site "?"]
[Date "2021.05.07"]
[Round "6.3"]
[White "Pershin, Denis"]
[Black "Makarian, Rudik"]
[Result "1/2-1/2"]
[WhiteElo "2391"]
[BlackElo "2481"]
[PlyCount "64"]
[EventDate "2021.??.??"]

1.d4 Nf6 2.c4 e6 3.Nc3 Bb4 4.Qc2 d5 5.cxd5 exd5 6.Bg5 h6 7.Bh4
Nc6 8.e3 g5 9.Bg3 h5 10.Bb5 h4 11.Be5 O-O 12.h3 Ne4 13.Bh2 Bf5
14.Bd3 Qf6 15.Nf3 Rfe8 16.Ne5 Nxe5 17.dxe5 Bxc3+ 18.bxc3 Qg6
19.Rd1 c5 20.Qb2 c4 21.Bb1 Nc5 22.Rxd5 Bxb1 23.Rxc5 Bd3 24.f3
Qb6 25.Qb5 Rec8 26.Rxc8+ Rxc8 27.Qxb6 axb6 28.Kd2 Ra8 29.Ra1
Ra5 30.Ke1 Rb5 31.Rd1 Rb2 32.Rd2 Rb1+ 1/2-1/2

[Event "Team men PL chess 2021"]
[Site "?"]
[Date "2021.05.07"]
[Round "6.4"]
[White "Afanasiev, Nikita"]
[Black "Askerov, Marat"]
[Result "1-0"]
[WhiteElo "2522"]
[BlackElo "2384"]
[PlyCount "79"]
[EventDate "2021.??.??"]

1.Nf3 Nf6 2.c4 c5 3.g3 d5 4.cxd5 Nxd5 5.Nc3 Nc6 6.Bg2 Nc7 7.O-O
e5 8.a3 Rb8 9.d3 Be7 10.Nd2 Bd7 11.Nc4 f6 12.a4 Ne6 13.Nd5 O-O
14.Bd2 Re8 15.Bc3 Bf8 16.e3 Nb4 17.Bxb4 cxb4 18.d4 b5 19.axb5
Bxb5 20.b3 exd4 21.exd4 a5 22.Qd3 g6 23.Rfe1 Bg7 24.Re3 f5 25.Rae1
Nxd4 26.Rxe8+ Bxe8 27.Ne5 Ne6 28.Qa6 Nc5 29.Qc4 Ne6 30.Nf4 Qc8
31.Qxc8 Rxc8 32.Bd5 Rc5 33.Bxe6+ Kh8 34.Nf7+ Bxf7 35.Bxf7 Bd4
36.Re8+ Kg7 37.Bc4 Rxc4 38.bxc4 b3 39.Rb8 a4 40.Ne6+ 1-0

[Event "Team men PL chess 2021"]
[Site "?"]
[Date "2021.05.07"]
[Round "6.5"]
[White "Saveliev, Alexei"]
[Black "Kukhmazov, Arsen"]
[Result "1/2-1/2"]
[WhiteElo "2372"]
[BlackElo "2458"]
[PlyCount "83"]
[EventDate "2021.??.??"]

1.e4 c6 2.d4 d5 3.exd5 cxd5 4.Bd3 Nc6 5.c3 Nf6 6.Bf4 Bg4 7.Qb3
Qd7 8.Nd2 e6 9.Ngf3 Bd6 10.Bxd6 Qxd6 11.O-O O-O 12.Rae1 Ne7 13.Ne5
Bf5 14.a3 b5 15.Bxf5 Nxf5 16.Nd3 Rab8 17.Qd1 Qd8 18.Nf3 Nd6 19.Nfe5
Rb6 20.Nc5 Qc7 21.Qe2 Nde4 22.Ned3 a5 23.Ra1 Nd6 24.Rfc1 a4 25.Rf1
Nc4 26.Rae1 Ne4 27.Nxe4 dxe4 28.Ne5 Nxe5 29.dxe5 Qxe5 30.Qxe4
Qxe4 31.Rxe4 Rd6 32.Rb4 Rd5 33.c4 bxc4 34.Rxc4 Rd2 35.Rb1 Ra8
36.Kf1 g5 37.Ke1 Rd5 38.Rd1 Re5+ 39.Kd2 Rb8 40.Kc1 Re2 41.Rc2
Re4 42.Rdd2 1/2-1/2

[Event "Team men PL chess 2021"]
[Site "?"]
[Date "2021.05.07"]
[Round "6.6"]
[White "Vetokhin, Savva"]
[Black "Timerkhanov, Alexander"]
[Result "1/2-1/2"]
[WhiteElo "2270"]
[BlackElo "2403"]
[PlyCount "114"]
[EventDate "2021.??.??"]

1.Nf3 d5 2.g3 Bg4 3.Bg2 Nd7 4.c4 e6 5.Qb3 Nc5 6.Qe3 Nf6 7.d4
Bxf3 8.Bxf3 Nce4 9.cxd5 exd5 10.Nc3 Bb4 11.O-O Bxc3 12.bxc3 O-O
13.Qd3 Nd6 14.Bg2 Re8 15.Re1 Qd7 16.f3 Qb5 17.Qxb5 Nxb5 18.Bd2
Nd6 19.g4 h6 20.g5 Nc4 21.gxf6 Nxd2 22.e4 dxe4 23.fxe4 gxf6 24.Re2
Nc4 25.Rf1 Kg7 26.e5 fxe5 27.Bd5 Nd6 28.dxe5 Kh8 29.Rf6 Rg8+
30.Kf1 Nb5 31.Rxh6+ Kg7 32.Rf6 Nxc3 33.Rxf7+ Kh6 34.Rf6+ Rg6
35.Bxb7 Rxf6+ 36.exf6 Rf8 37.Re6 Kg5 38.Re5+ Kg6 39.Rc5 Rxf6+
40.Kg2 Nxa2 41.Be4+ Kg7 42.Rxc7+ Rf7 43.Rc4 a5 44.Kg3 Nb4 45.h4
Rd7 46.Rc5 a4 47.Rc4 Nd5 48.Bf3 Ne3 49.Rxa4 Nf5+ 50.Kh3 Rd4 51.Ra7+
Kf6 52.Ra6+ Ke5 53.h5 Kf4 54.Be2 Re4 55.Ra2 Kg5 56.Kg2 Re5 57.Kf2
Ng7 1/2-1/2

[Event "Team men PL chess 2021"]
[Site "?"]
[Date "2021.05.07"]
[Round "6.7"]
[White "Predke, Alexandr"]
[Black "Dubov, Daniil"]
[Result "1/2-1/2"]
[WhiteElo "2690"]
[BlackElo "2710"]
[PlyCount "127"]
[EventDate "2021.??.??"]

1.d4 Nf6 2.c4 g6 3.Nc3 d5 4.Nf3 Bg7 5.Bg5 Ne4 6.Bf4 Nxc3 7.bxc3
c5 8.cxd5 Qxd5 9.e3 O-O 10.Be2 cxd4 11.cxd4 Nc6 12.O-O Bf5 13.Qa4
Rfc8 14.Rfc1 e5 15.dxe5 Nxe5 16.Nxe5 Bxe5 17.Rxc8+ Rxc8 18.Rd1
Qc5 19.Bxe5 Qxe5 20.Qxa7 Qb2 21.Bf3 Be6 22.Qxb7 Qxb7 23.Bxb7
Rc7 24.Bf3 Bxa2 25.g4 Kg7 26.Kg2 Be6 27.Kg3 g5 28.Rd4 h6 29.Be2
Rc3 30.h3 Kf6 31.Bd3 Rc1 32.f4 gxf4+ 33.exf4 Rd1 34.Kf2 Bc8 35.Rd6+
Ke7 36.Rd5 Be6 37.Rd4 Kf6 38.Kf3 Bc8 39.h4 Be6 40.g5+ Kg7 41.Ke3
hxg5 42.fxg5 Rg1 43.Be2 f6 44.Re4 Bf7 45.Kf2 Rc1 46.Re7 Kf8 47.gxf6
Rc6 48.Ra7 Rxf6+ 49.Kg3 Rg6+ 50.Kf4 Rf6+ 51.Kg5 Rg6+ 52.Kf5 Rh6
53.h5 Bxh5 54.Kg5 Bxe2 55.Kxh6 Bd3 56.Kg5 Kg8 57.Kf6 Bc2 58.Rg7+
Kh8 59.Rg2 Bd3 60.Rd2 Bh7 61.Kf7 Bg8+ 62.Kg6 Bh7+ 63.Kh6 Bg8
64.Rd8 1/2-1/2

[Event "Team men PL chess 2021"]
[Site "?"]
[Date "2021.05.07"]
[Round "6.8"]
[White "Chigaev, Maksim"]
[Black "Inarkiev, Ernesto"]
[Result "0-1"]
[WhiteElo "2631"]
[BlackElo "2654"]
[PlyCount "96"]
[EventDate "2021.??.??"]

1.e4 e5 2.Nf3 Nc6 3.Bc4 Nf6 4.d3 Bc5 5.a4 h6 6.a5 a6 7.O-O O-O
8.c3 d6 9.Be3 Bxe3 10.fxe3 Ne7 11.Nh4 c6 12.Nd2 d5 13.Bb3 dxe4
14.Nxe4 Ng4 15.Qe1 Qxd3 16.Nf2 Qb5 17.Ba4 Qc5 18.b4 Qxe3 19.Qxe3
Nxe3 20.Rfe1 N7d5 21.Bb3 Ng4 22.Nxg4 Bxg4 23.Bxd5 cxd5 24.h3
Be6 25.Rxe5 Rac8 26.Ra3 Rc4 27.Nf3 Re4 28.Kf2 f5 29.Ra1 Kf7 30.Rd1
Rc8 31.c4 Rcxc4 32.Rxe4 Rxe4 33.Rb1 Bd7 34.Nd2 Re7 35.Nb3 Bb5
36.Nd4 Re4 37.Rd1 Ba4 38.Rd2 Kf6 39.g3 g5 40.Ne2 Bc6 41.Nd4 Ke5
42.Nf3+ Kd6 43.Nd4 Bd7 44.Rd1 f4 45.g4 Re3 46.h4 Bxg4 47.Rg1
h5 48.hxg5 Ke5 0-1

[Event "Team men PL chess 2021"]
[Site "?"]
[Date "2021.05.07"]
[Round "6.9"]
[White "Sjugirov, Sanan"]
[Black "Paravyan, David"]
[Result "1-0"]
[WhiteElo "2663"]
[BlackElo "2647"]
[PlyCount "103"]
[EventDate "2021.??.??"]

1.d4 Nf6 2.c4 g6 3.Nc3 d5 4.cxd5 Nxd5 5.e4 Nxc3 6.bxc3 Bg7 7.Bc4
c5 8.Ne2 Nc6 9.Be3 O-O 10.O-O Bg4 11.f3 Na5 12.Bxf7+ Rxf7 13.fxg4
Rxf1+ 14.Kxf1 Nc4 15.Bf2 b5 16.Kg1 cxd4 17.cxd4 Qd7 18.h3 Rf8
19.a4 Bh6 20.Qd3 a6 21.axb5 axb5 22.Bg3 e5 23.d5 Be3+ 24.Kh2
Qe7 25.Ra6 Bb6 26.d6 Qb7 27.Qd5+ Qxd5 28.exd5 b4 29.Bh4 Bd8 30.Be7
Bxe7 31.dxe7 Rb8 32.Rc6 Kf7 33.Rxc4 Kxe7 34.Rc6 b3 35.Nc3 b2
36.Nb1 Rb3 37.g5 Kd7 38.Re6 Kc7 39.h4 Kd7 40.h5 gxh5 41.Rh6 e4
42.Rxh7+ Kd6 43.g6 Rb8 44.Rxh5 e3 45.Kg1 Rg8 46.Rh3 Re8 47.Kf1
Kxd5 48.g7 e2+ 49.Ke1 Rg8 50.Rg3 Ke5 51.Kxe2 Kf4 52.Kf2 1-0

[Event "Team men PL chess 2021"]
[Site "?"]
[Date "2021.05.07"]
[Round "6.10"]
[White "Riazantsev, Alexander"]
[Black "Sarana, Alexey"]
[Result "1-0"]
[WhiteElo "2631"]
[BlackElo "2649"]
[PlyCount "75"]
[EventDate "2021.??.??"]

1.d4 d5 2.Nf3 Nf6 3.c4 dxc4 4.e3 e6 5.Bxc4 c5 6.O-O a6 7.b3 Nbd7
8.Bb2 b5 9.Be2 Be7 10.Nbd2 Bb7 11.a4 b4 12.Nc4 O-O 13.Nfe5 cxd4
14.Nxd7 Nxd7 15.Bxd4 Bf6 16.Bxf6 Nxf6 17.Qxd8 Rfxd8 18.Na5 Rd2
19.Rfe1 Bd5 20.f3 e5 21.e4 Be6 22.Rad1 Rb2 23.Rb1 Rc2 24.Rbc1
Ra2 25.Bf1 Kf8 26.Re2 Ra3 27.Rb2 Nd7 28.Rc6 Rd8 29.Kf2 Nb8 30.Rb6
Nd7 31.Rxb4 Nc5 32.Rb6 g6 33.Nc4 Ra1 34.Nxe5 Rdd1 35.Bxa6 f6
36.Rc2 Nxb3 37.Rxe6 fxe5 38.Rb6 1-0

[Event "Team men PL chess 2021"]
[Site "?"]
[Date "2021.05.07"]
[Round "6.11"]
[White "Najer, Evgeniy"]
[Black "Antipov, Mikhail Al"]
[Result "1-0"]
[WhiteElo "2648"]
[BlackElo "2609"]
[PlyCount "81"]
[EventDate "2021.??.??"]

1.e4 e5 2.Nf3 Nc6 3.Bb5 Nf6 4.d3 Ne7 5.Bc4 ( 5.Nxe5 c6 6.Bc4
Qa5+ 7.Nc3 Qxe5 ) c6 6.Nc3 d6 7.d4 exd4 8.Qxd4 Ng6 9.e5 {%08DA}
Qe7 ( 9...dxe5 10.Bxf7+ ) ( 9...Nxe5 10.Nxe5 dxe5 11.Bxf7+ Ke7
12.Qc4 ) 10.Bf4 ( 10.Qxd6 Qxd6 11.exd6 Bxd6 ) Nxf4 11.Qxf4 d5
( 11...dxe5 12.Nxe5 Be6 13.O-O-O ) 12.O-O-O ( 12.Bb3 ) Nh5 13.Qe3
Qc5 ( 13...dxc4 14.Ne4 {%08DA} Qb4 ( 14...Qe6 15.Qg5
( 15.Rhg1 ) Be7 16.Qxh5 ) 15.Qg5 ( 15.Nd4 c3 16.bxc3 Qa3+ 17.Kb1
Be7 18.Nd6+ ) Be7 16.Qxh5 c3 17.Nxc3 Bg4 ) 14.Rd4 {!} Be7 {?}
( 14...dxc4 15.Rhd1 Be6 ( 15...Be7 16.Rd8+ Bxd8 17.Qxc5 ) 16.g4
Qa5 17.Ng5 Bc5 18.Nce4 Bxd4 19.Nd6+ Ke7 20.Qxd4 ) 15.Bxd5 cxd5
16.g4 Bxg4 17.Rxg4 Qxe3+ 18.fxe3 f5 19.Ra4 Rd8 20.Rd1 f4
( 20...a6 21.Nxd5 Kf7 22.Nxe7 Rxd1+ 23.Kxd1 Kxe7 24.Rb4 b5 25.a4
( 25.c4 ) ) 21.exf4 Bc5 22.Nxd5 Rf8 23.Rc4 ( 23.Rd3 {!} ) Nxf4
24.Rxc5 b6 ( 24...Nxd5 25.Nd4 Ne3 26.Rd3 ) 25.Rc6 Rxd5 26.Rxd5
Nxd5 27.Rc8+ Ke7 28.Rxf8 Kxf8 {%08DA} 29.Kd2 Kf7 30.c4 Nc7 31.Ke3
h6 32.Nd4 g5 33.Ke4 Kg6 34.Nc6 g4 35.Nxa7 Kg5 36.Nb5 Ne6 37.b4
h5 38.Nd4 Nc7 39.a4 Kh4 40.b5 Kh3 41.a5 1-0

[Event "Team men PL chess 2021"]
[Site "?"]
[Date "2021.05.07"]
[Round "6.12"]
[White "Yuffa, Daniil"]
[Black "Popov, Ivan"]
[Result "1-0"]
[WhiteElo "2587"]
[BlackElo "2630"]
[PlyCount "69"]
[EventDate "2021.??.??"]

1.d4 d5 2.c4 c6 3.Nf3 Nf6 4.e3 g6 5.Nc3 Bg7 6.Be2 O-O 7.O-O dxc4
8.Bxc4 Bg4 9.a4 Nbd7 10.h3 Bxf3 11.Qxf3 e5 12.a5 b5 13.Ba2 Rc8
14.b4 Qe7 15.Rb1 a6 16.Rd1 Rfd8 17.g4 exd4 18.exd4 Nf8 19.Be3
Ne6 20.d5 cxd5 21.Nxd5 Nxd5 22.Bxd5 Rd7 23.Qe4 Bf8 24.Rb3 Rcd8
25.Rbd3 {%08DA} Qxb4 26.Qxe6 ( 26.Qf3 Qe7 27.Bb6 Re8 28.Bxe6
Rxd3 29.Bxf7+ ) fxe6 27.Bxe6+ Kh8 ( 27...Kg7 28.Rxd7+ Rxd7 29.Rxd7+
Kf6 30.Bg8 Bd6 31.Bh6 Ke5 ) 28.Bxd7 Bg7 29.Bxb5 Rxd3 30.Rxd3
Qxa5 31.Bxa6 Qa1+ 32.Kg2 Qxa6 ( 32...h5 ) {%09DB} 33.Rd8+ Bf8
34.Bh6 Qb7+ 35.Kg1 1-0

[Event "Team men PL chess 2021"]
[Site "?"]
[Date "2021.05.07"]
[Round "6.13"]
[White "Andreikin, Dmitry"]
[Black "Artemiev, Vladislav"]
[Result "1/2-1/2"]
[WhiteElo "2725"]
[BlackElo "2709"]
[PlyCount "39"]
[EventDate "2021.??.??"]

1.d4 d5 2.c4 e6 3.Nf3 Nf6 4.Nc3 Nbd7 5.Bf4 dxc4 6.e3 a6 7.a4
Nb6 8.a5 Nbd5 9.Bxc4 Nxf4 10.exf4 Bd6 11.Ne5 O-O 12.O-O c5 13.dxc5
Bxc5 14.Qf3 Qc7 15.Bd3 Bd4 16.Rfe1 Bd7 17.Nxd7 Bxc3 18.Nxf6+
Bxf6 19.f5 g6 20.fxg6 1/2-1/2

[Event "Team men PL chess 2021"]
[Site "?"]
[Date "2021.05.07"]
[Round "6.14"]
[White "Oparin, Grigoriy"]
[Black "Dreev, Aleksey"]
[Result "1/2-1/2"]
[WhiteElo "2652"]
[BlackElo "2647"]
[PlyCount "61"]
[EventDate "2021.??.??"]

1.Nf3 d5 2.c4 e6 3.g3 a6 4.b3 dxc4 5.bxc4 b5 6.Qb3 b4 7.a3 c5
8.d4 a5 9.axb4 cxb4 10.Bg2 Bb7 11.Nc3 Nf6 12.Nb5 Be7 13.Bf4 O-O
14.O-O Nc6 15.Rfd1 Na7 16.Nc7 Rc8 17.d5 Rxc7 18.dxe6 Qc8 19.Rxa5
Nc6 20.Rb5 fxe6 21.Bxc7 Qxc7 22.Ng5 Bc8 23.c5 Qe5 24.Bxc6 Qxg5
25.Qxb4 Ba6 26.Rb8 Qxc5 27.Rxf8+ Bxf8 28.Qxc5 Bxc5 29.Kf1 Be7
30.Rd4 Kf7 31.Ra4 1/2-1/2

[Event "Team men PL chess 2021"]
[Site "?"]
[Date "2021.05.07"]
[Round "6.15"]
[White "Alekseev, Evgeny"]
[Black "Timofeev, Artyom"]
[Result "1/2-1/2"]
[WhiteElo "2617"]
[BlackElo "2594"]
[PlyCount "37"]
[EventDate "2021.??.??"]

1.e4 c5 2.Nf3 d6 3.Bb5+ Bd7 4.Bxd7+ Nxd7 5.O-O Ngf6 6.Qe2 e6
7.c3 Be7 8.d4 O-O 9.e5 Nd5 10.c4 Nb4 11.exd6 Bxd6 12.Rd1 Nc6
13.dxc5 Bxc5 14.Nc3 Qe7 15.a3 a5 16.Bf4 Rad8 17.Na4 e5 18.Bg5
f6 19.Be3 1/2-1/2